An accurate map of the county of Surrey; divided into its hundreds (Record no. 114560)

MARC details
000 -LEADER
fixed length control field 01230cam a22001935a 4500
001 - CONTROL NUMBER
control field L157052
008 - FIXED-LENGTH DATA ELEMENTS--GENERAL INFORMATION
fixed length control field 120821q1750 xxk f 000 0 eng d
035 ## - SYSTEM CONTROL NUMBER
System control number (Sirsi) u157052
041 0# - LANGUAGE CODE
Language code of text/sound track or separate title eng
100 1# - MAIN ENTRY--PERSONAL NAME
Personal name Bowen, Emanuel
Dates associated with a name d. 1767
245 03 - TITLE STATEMENT
Title An accurate map of the county of Surrey; divided into its hundreds
Remainder of title drawn from late surveys and illustrated with various additional improvements: also historical extracts relating to natural history, manufactures, trade and present state of its principal towns
Medium [cartographic material]
260 ## - PUBLICATION, DISTRIBUTION, ETC.
Place of publication, distribution, etc. London
Name of publisher, distributor, etc. Printed for Carrington Bowles in St Pauls Church Yard, Robt. Wilkinson, No. 58 in Cornhill, & Robt. Sayer in Fleet Street
Date of publication, distribution, etc. [1750?]
300 ## - PHYSICAL DESCRIPTION
Extent 1 map
Other physical details dissected and mounted on linen, hand col, in slip case
Dimensions 54 x 72 cm., folded to 18 x 14 cm.
520 ## - SUMMARY, ETC.
Summary, etc. Shows boundaries, rivers, roads, woods, parks and settlements. Decorative title cartouche. Dedicated to the Lord Lieutenant. Relief shown by hachures and shading. London meridian, with graticule. Geographic coverage County of Surrey, divided into hundreds. Subject Scale [1:100,000].
583 ## - ACTION NOTE
Action Condition reviewed
Time/date of action 20120620
Status condition level 3
651 #4 - SUBJECT ADDED ENTRY--GEOGRAPHIC NAME
Geographic name Surrey
690 ## - LOCAL SUBJECT ADDED ENTRY--TOPICAL TERM (OCLC, RLIN)
Topical term or geographic name as entry element Geomatics
9 (RLIN) 6242
942 ## - ADDED ENTRY ELEMENTS (KOHA)
Suppress in OPAC 0
Holdings
Withdrawn status Lost status Source of classification or shelving scheme Damaged status Not for loan Home library Current library Shelving location Date acquired Total Checkouts Full call number Barcode Date last seen Copy number Price effective from Koha item type
    Dewey Decimal Classification     Historic collection Historic collection Historic collection 21/08/2012   OCTAVO 1750 BOWEN 30077041 06/08/2019 1 06/08/2019 Book